000 00768nam a2200181 a 4500
001 000041497
005 20201002034937.0
008 131008s1980 sp 000 0 spa d
020 _a8400046498
040 _aDO-SdBNP
_bspa
_cBNPHU
100 1 _aMedina Rojas, Francisco de Borja
_968198
245 1 0 _aJosé de Ezpeleta :
_bGobernador de la Mobila, 1780-1781 /
_cF. de Borja Medina Rojas.
260 _aSevilla :
_bEscuela de Estudios Hispano-Americanos,
_c1980.
300 _aLXXXII, 869 p., map. pleg. ;
_c25 cm.
490 1 _aPublicaciones de la Escuela de Estudios Hispano-Americanos de Sevilla
_c274
710 2 _aEscuela de Estudios Hispano-Americanos (Sevilla)
_963945
830 0 _aPublicaciones de la Escuela de Estudios Hispano-Americanos de Sevilla
_v274
_930488
999 _c40987
_d40987